Estadísticas para Países cerca de España

Haz click aquí para intentar la prueba.

Estadísticas generales

  • Esta prueba ha sido intentada 5.996 veces
  • La puntuación promedio es 16 de 20

Estadísticas de respuestas

kmPaísmillas% Correcto
0Francia0
100%
0Portugal0
99%
334Italia208
98%
0Andorra0
97%
0Marruecos0
96%
671Alemania417
92%
805Bélgica500
89%
0Gibraltar (Reino Unido)0
89%
468Suiza291
88%
68Argelia43
85%
374Mónaco232
81%
811Luxemburgo504
79%
498Túnez310
79%
719Ciudad del Vaticano447
78%
724Austria450
76%
802San Marino498
76%
860Irlanda534
72%
716Liechtenstein445
69%
314Mauritania195
58%
816Malí507
48%

Distribución de puntuación

Porcentaje por número respondido

Porcentaje de gente con cada puntuación

Historial de tus puntuaciones

No has intentado esta prueba.